000 00351 a2200145 4500
999 _c3674
_d3674
020 _a9780534522391
050 _aN 353 BAT 2000
100 _aBates, Jane K.
245 _aBecoming an art teacher
_cJane K Bates
264 _aAustralia
_bWadsworth
_c2000
300 _a316p.
500 _ainclude index
650 _aArt
942 _2lcc
_cBK
_h353
_iBAT
_kN